[Event "NOR-chT Clubs"]
[Site "Drammen"]
[Date "2022.05.26"]
[Round "4"]
[White "Holter, Theodor"]
[Black "Gullaksen, Eirik Tvedt"]
[Result "1-0"]
[WhiteElo "1756"]
[BlackElo "2344"]
[PlyCount "69"]
[EventDate "2022.05.26"]
[EventType "team-swiss"]
[EventRounds "6"]
[EventCountry "NOR"]
[SourceTitle "EXT 2024"]
[Source "ChessBase"]
[SourceDate "2023.10.10"]
[SourceVersion "1"]
[SourceVersionDate "2023.10.10"]
[SourceQuality "1"]
[WhiteTeam "Indre Ostfold"]
[BlackTeam "Bergens"]
[WhiteTeamCountry "NOR"]
[BlackTeamCountry "NOR"]

1. d4 Nf6 2. Nf3 g6 3. Bf4 Bg7 4. e3 0-0 5. Nbd2 d6 6. Bd3 c5 7. c3 Qb6 8. Qc2 Nc6 9. 0-0 Nh5 10. Bg3 Nxg3 11. hxg3 e5 12. dxe5 dxe5 13. Rad1 Bg4 14. Rfe1 f5 15. Bc4+ Kh8 16. e4 f4 17. gxf4 Rxf4 18. Be2 Qc7 19. Nf1 Be6 20. b3 Rff8 21. Ne3 Bh6 22. Bc4 Bc8 23. Rd5 b6 24. Rd3 Bxe3 25. Rexe3 Bb7 26. Ng5 Qe7 27. Nxh7 Rf4 28. Rh3 Kg7 29. g3 Bc8 30. gxf4 Bxh3 31. Rxh3 exf4 32. Bd5 Rc8 33. Qd2 g5 34. Qe2 Ne5 35. Qh5 1-0